Evolution of reproduction processes in the establishment and development of a company interaction system (on the example of oil and gas industry; Advances in Computer Science Research; Vol. 51 : Information Technologies in Science, Management, Social Sphere and Medicine (ITSMSSM 2016)

Detalles Bibliográficos
Parent link:Advances in Computer Science Research
Vol. 51 : Information Technologies in Science, Management, Social Sphere and Medicine (ITSMSSM 2016).— 2016.— [P. 451-454]
Autor Principal: Matyugina (Matugina) E. G. Eleonora Grigorievna
Autor Corporativo: Национальный исследовательский Томский политехнический университет (ТПУ) Институт природных ресурсов (ИПР) Кафедра экономики природных ресурсов (ЭПР)
Outros autores: Vusovich O. V. Olga Vladimirovna, Pozharnitskaya O. V. Olga Vyacheslavovna
Summary:Title screen
The article is to study the system of company interactions with economic entities at various levels. The areas of collaboration and tools of common interests coordinating have been identified. The evaluation criteria of the effective interaction system focused on maintaining of sustainable production growth have been suggested. The study is based on the activities of PJSC Lukoil.
Idioma:inglés
Publicado: 2016
Subjects:
Acceso en liña:http://dx.doi.org/10.2991/itsmssm-16.2016.45
Formato: MixedMaterials Electrónico Capítulo de libro
KOHA link:https://koha.lib.tpu.ru/cgi-bin/koha/opac-detail.pl?biblionumber=654314

MARC

LEADER 00000nla2a2200000 4500
001 654314
005 20231101134820.0
035 |a (RuTPU)RU\TPU\network\19908 
090 |a 654314 
100 |a 20170424a2016 k y0engy50 ba 
101 0 |a eng 
102 |a FR 
105 |a y z 100zy 
135 |a drcn ---uucaa 
181 0 |a i  
182 0 |a b 
200 1 |a Evolution of reproduction processes in the establishment and development of a company interaction system (on the example of oil and gas industry  |f E. G. Matugina, O. V. Vusovich, O. V. Pozharnitskaya 
203 |a Text  |c electronic 
300 |a Title screen 
320 |a [References: p. 454 (9 tit.)] 
330 |a The article is to study the system of company interactions with economic entities at various levels. The areas of collaboration and tools of common interests coordinating have been identified. The evaluation criteria of the effective interaction system focused on maintaining of sustainable production growth have been suggested. The study is based on the activities of PJSC Lukoil. 
461 1 |0 (RuTPU)RU\TPU\network\18167  |t Advances in Computer Science Research 
463 0 |0 (RuTPU)RU\TPU\network\18169  |t Vol. 51 : Information Technologies in Science, Management, Social Sphere and Medicine (ITSMSSM 2016)  |o III International Scientific Conference, May 23-26, 2016, Tomsk, Russia  |o [proceedings]  |f National Research Tomsk Polytechnic University (TPU) ; eds. O. G. Berestneva, A. Tikhomirov, A. Trufanov  |v [P. 451-454]  |d 2016 
610 1 |a электронный ресурс 
610 1 |a труды учёных ТПУ 
610 1 |a reproductive processes 
610 1 |a economic environment 
610 1 |a economic entities 
610 1 |a interaction system 
610 1 |a воспроизводственные процессы 
610 1 |a экономические условия 
610 1 |a хозяйствующие субъекты 
700 1 |a Matyugina (Matugina)  |b E. G.  |c economist  |c Professor of Tomsk Polytechnic University, doctor of economic sciences  |f 1971-  |g Eleonora Grigorievna  |2 stltpush  |3 (RuTPU)RU\TPU\pers\35836 
701 1 |a Vusovich  |b O. V.  |g Olga Vladimirovna 
701 1 |a Pozharnitskaya  |b O. V.  |c economist  |c Associate Professor of Tomsk Polytechnic University, Candidate of economic sciences  |f 1972-  |g Olga Vyacheslavovna  |2 stltpush  |3 (RuTPU)RU\TPU\pers\34018 
712 0 2 |a Национальный исследовательский Томский политехнический университет (ТПУ)  |b Институт природных ресурсов (ИПР)  |b Кафедра экономики природных ресурсов (ЭПР)  |h 3659  |2 stltpush  |3 (RuTPU)RU\TPU\col\18668 
801 2 |a RU  |b 63413507  |c 20180213  |g RCR 
856 4 |u http://dx.doi.org/10.2991/itsmssm-16.2016.45 
942 |c CF